| 000 | 00491ntm a22002057a 4500 | ||
|---|---|---|---|
| 005 | 20171213144102.0 | ||
| 008 | 171213b xxu||||| |||| 00| 0 spa d | ||
| 041 | _aspa | ||
| 082 | _a428 E83i | ||
| 100 |
_aEtienne, Guillermo _945089 |
||
| 245 | _aInglés técnico y científico | ||
| 260 | _aMéxico | ||
| 260 | _bLimusa | ||
| 260 | _c1993 | ||
| 300 | _a143 páginas | ||
| 650 |
_aGRAMATICA INGLESA _97567 |
||
| 650 |
_aVERBOS _915661 |
||
| 650 |
_aVOCABULARIO _94737 |
||
| 942 | _cBK | ||
| 999 |
_c10162 _d10162 |
||